| 000 | 00767nam a2200241Ia 4500 | ||
|---|---|---|---|
| 003 | OSt | ||
| 005 | 20221005103331.0 | ||
| 006 | a|||||r|||| 00| 0 | ||
| 007 | ta | ||
| 008 | 221004b |||||||| |||| 00| 0 hin d | ||
| 024 | _a30684 | ||
| 037 | _cTextual | ||
| 040 |
_aCRL _cCRL _bhin |
||
| 041 |
_2hin _ahin |
||
| 082 | _aV243'N19, 152M4 | ||
| 100 | _aदत्त, वी. एन. | ||
| 245 | 0 | _aजलियॉंवाला बाग | |
| 246 | _aJaliyaॉanvālā bāga | ||
| 260 |
_aचण्डीगढ़ _bहरियाणा साहित्य अकादमी भारत _c1984 |
||
| 300 |
_a178पृ. _ccm. |
||
| 942 |
_hV243'N19, 152M4 _cTEXL _2cc |
||
| 999 |
_c1009868 _d1009868 |
||